00858cam a22002291 4500001001300000003000400013005001700017008004100034010001700075035001800092040001800110042001200128050001600140100002800156245006600184260009400250300001800344500013300362650003100495711008500526999001700611sa 68016229 DLC20260227112652.0721031s1962 xx 000 0 ind  asa 68016229  a(OCoLC)480511 aDLCcOAUdDLC apremarc00aHV403b.P731 aPraptokusumo, Sumantri.10aMewudjudkan kesedjahteraan sosial dengan pembangunan semesta. aDjakarta,bBagian Penjuluhan, Djawatan Pekerdjaan Sosial, Departemen Sosial R. I.c[1962] a26 p.c20 cm. aPaper delivered at the Simposium Ilmu Pendidikan dan Pekerdjaan Sosial, held at the Universitas Padjadjaran, Bandung, Oct. 1961. 0aPublic welfarezIndonesia.1 aSimposium Ilmu Pendidikan dan Pekerdjaan Sosial, Universitas Padjadjaran,d1961. c86951d86951